000 00361nam a2200169Ia 4500
003 0STCL
008 150530s9999 xx 000 0 und d
040 _aSTCL
_cSTCL
100 _aWodehouse, P.G.
245 _aLittle Nugget
250 _aFifteenth
260 _c1931
546 _aEnglish
942 _2ddc
_cBK
999 _c57747
_d57747
005 20220125171034.0